MDQL
is popping MORE tags! Check the
thread
!
Quizzes
Events
Quiz Creation
Community
Videos
Private Events
Remove Ads
Sign In
Join for FREE
Feedback
Dark Mode
Quiz Categories
Sports
Geography
Music
Movies
Television
Just For Fun
Miscellaneous
History
Literature
Language
Science
Gaming
Entertainment
Religion
Holiday
For Kids
Quiz Lab
Recent
Popular Today
Quiz Kudos Today
Editor Picks
Curator Picks
Quizzes by...
Day
Popularity
Type
Ratings
Length
Year
Community
Subscriptions
Recent Discussions
Orange Saloon
Badges
Playlists
Quests
Create
Leaderboards
Showdown
Live 5
Trivia Bingo
Activity
Puzzle Library
Sporcle Events
Private Events
Virtual Trivia
Globe League
Become a Host
Pub Owners
SporcleCon
Opinionation
Our Games
Videos
Blog
Mobile Apps
Partnerships
Remove Ads and Go Orange
Feedback
Sports
Athletes
MLB
NBA
NHL
NFL
Soccer
Sports Teams
WWE
NCAA
Football
Premier League
Basketball
Baseball
Hockey
Golf
Tennis
Cricket
Rugby
Auto Racing
Olympics
World Cup
Sports
Athletes
MLB
NBA
NHL
NFL
Soccer
Sports Teams
WWE
NCAA
Football
Premier League
Basketball
Baseball
Hockey
Golf
Tennis
Cricket
Rugby
Auto Racing
Olympics
World Cup
Random Quiz
Search Sporcle
×
Quiz Lab
Quiz Lab
Sports
MLB
Type in answers that appear in a list
Type in answers that appear in a list
Classic
Best Score? Go Orange.
18 Strikeout Pitchers Stats
Can you name the modern era pitchers who have struck out 18 or more batters in a nine-inning MLB game?
By
jdagger
4m
21 Questions
427 Plays
427 Plays
427 Plays
Comments
Comments
Give Quiz Kudos
Give Quiz Kudos
-
- Ratings
hide this ad
Replay
Link that replays current quiz
Next Quiz
Link to next quiz in quiz playlist
You Got
0%
They Got
Avg Score
66%
Avg Friend Score
Upgrade to see
Score Distribution
Jump to the score distribution portion of the page
Score
0/21
Timer
04:00
0
Plays Today
Number of Strikeouts
Pitcher, Team
% Correct
20
Roger Clemens, Boston Red Sox
97.2%
20
Roger Clemens, Boston Red Sox
97.2%
18
Roger Clemens, Toronto Blue Jays
97.2%
20
Randy Johnson, Arizona Diamondbacks
94.8%
19
Randy Johnson, Seattle Mariners
94.8%
19
Randy Johnson, Seattle Mariners
94.8%
18
Randy Johnson, Seattle Mariners
94.8%
20
Kerry Wood, Chicago Cubs
86.2%
19
Nolan Ryan, California Angels
83.1%
18
Nolan Ryan, California Angels
83.1%
18
Sandy Koufax, Los Angeles Dodgers
69.1%
Number of Strikeouts
Pitcher, Team
% Correct
18
Sandy Koufax, Los Angeles Dodgers
69.1%
19
Tom Seaver, New York Mets
67.7%
19
Steve Carlton, St. Louis Cardinals
64.6%
18
Ramon Martinez, Los Angeles Dodgers
63.5%
18
Bob Feller, Cleveland Indians
45.2%
18
Ron Guidry, New York Yankees
34.9%
19
David Cone, New York Mets
32.8%
18
Ben Sheets, Milwaukee Brewers
17.8%
18
Bill Gullickson, Montreal Expos
6.8%
18
Don Wilson, Houston Astros
6.6%
Quiz Playlist
Details
Report
Send in Message
Add To Playlist
Classic:
Type in answers that appear in a list
Quiz Source
Last Updated: Feb 16, 2017
Quiz Scoreboard
CHALLENGE
Sign Up to Join the Scoreboard
Show All
Scores
Hide
Comments
May contain spoilers
Recently Published
Image Sorting: Flags VI
by Barbecue
Geography
2m
Find the 'City' Movie
by crazypaving
Movies
60s
Colored Red Africa Blitz
by spor1
Geography
45s
More to Explore
Quiz From the Vault
Featured Blog Post
14 Easter Pick-up Lines to Find Eggs With
hide this ad
You Might Also Like...
Tags
Baseball Quiz
MLB Quiz
Numbers Quiz
Batter
date
Era
Modern
Nine-Inning
opponent
Pitchers
strikeouts
struck
team
Today's Top Quizzes in Sports
Browse Sports
hide this ad
Today's Top Quizzes in MLB
Browse MLB
Top Contributed Quizzes in Sports
1
Les meilleurs buteurs des matchs entre le PSG et l’OM
2
Les entraîneurs de l'OM et du PSG au 21e siècle
3
2022 World Cup Stars
4
Les joueurs passés par le PSG et l'OM
5
Players with Multiple 50 Home Run Seasons
6
Criteria MLB: Left Handed Sluggers
7
FIFA Club World Cup Champions
8
Les joueurs passés par le LOSC et le RC Lens
9
NBA Logic Puzzle 2.0
10
Top 10 NHL Goal Scorers of All Time
Explore More
Trending Topics
Anime
Disney
Crossword
Marvel
Kpop
NBA
Harry Potter
WWE
Pokémon
NFL
Song
Country
Puzzle
The Office
Soccer
hide this ad
More By:
jdagger
Quiz
Plays
Rating
Category
Featured
Created
Native American States
2,206
4.40
Geography
Dec 13, 2009
18 Strikeout Pitchers
427
4.29
Sports
Dec 14, 2009
MLB 2009 Game Attendances
269
4.67
Sports
Nov 26, 2009
Go to Creator's Profile
Score Distribution
Quiz Creator Spotlight
jdagger
Follow
Send a Message
Quizzes Created
-
Created Quiz Play Count
-
More By This Creator
Popular Quizzes Today
1
Colored Red Africa Blitz
2
Find the US States - No Outlines Minefield
3
Find the 'City' Movie
4
5x2 Blitz: Bands
5
The Countries of the World
6
Find the US States
7
Find the Countries of Europe - No Outlines Minefield
8
US States
More Sports Quizzes
Top 50 Big 4 Players by Initials
Editor's Pick
Trending Quizzes
Colored Red Europe Blitz I
Colored Red Europe Blitz II
Colored Red Africa Blitz II
Colored Red Europe Blitz III
Colored Red Africa Blitz III
Recently Updated
How Do You Spell That?
pecheneg
Godzilla Movies
pecheneg
Grab Bag: 4-10 Letters
pecheneg
2024 March Madness Bracket
pecheneg
Famous TV Couples
Peacemaker
Champions League XIs: Real Madrid
pecheneg
Largest US Cities 1790-2010
pecheneg
Rides in Walt Disney World
pecheneg
Most Oscar Losses (Acting)
pecheneg
Beyoncé Albums
pecheneg
Trending Topics
Kpop
Disney
Marvel
NBA
Crossword
Anime
Harry Potter
Country
Puzzle
Soccer
NFL
Pokémon
The Office
Song
WWE
Your Account Isn't Verified!
In order to create a playlist on Sporcle, you need to verify the email address you used during registration. Go to your
Sporcle Settings
to finish the process.
Report this User
Report this user for behavior that violates our
Community Guidelines
.
Details:
Send Report
Go to the Sporcle.com Mobile Site →
Comments